| 000 | 00377nam a2200109Ia 4500 | ||
|---|---|---|---|
| 008 | 171204s9999 xx 000 0 und d | ||
| 245 | _aMicrobiology: An Introduction: | ||
| 245 | _cBerdell R. Funke and Gerard J. Tortora | ||
| 260 | _c2015 | ||
| 650 | _xMicrobiology & Parasitology | ||
| 856 | _uhttp://down.ebook777.com/001/Microbiology%20An%20Introduction,%2012th%20Edition.pdf | ||
| 999 |
_c346381 _d346381 |
||